Hyperstatic structures : An introduction to the theory of statically indeterminate structures
This book is to show how all these theorems fit togethe into a coherent pattern and consequently methods and proofs which best illustrate the family relationships between the various theorems are emphasized.
में बचाया:
| मुख्य लेखक: | |
|---|---|
| स्वरूप: | पुस्तक |
| भाषा: | Undetermined |
| प्रकाशित: |
London
Butterworths
1971
|
| विषय: | |
| टैग : |
टैग जोड़ें
कोई टैग नहीं, इस रिकॉर्ड को टैग करने वाले पहले व्यक्ति बनें!
|
| Thư viện lưu trữ: | Trung tâm Học liệu Trường Đại học Cần Thơ |
|---|
| LEADER | 00891nam a2200205Ia 4500 | ||
|---|---|---|---|
| 001 | CTU_186400 | ||
| 008 | 210402s9999 xx 000 0 und d | ||
| 082 | |a 624.1713 | ||
| 082 | |b M426/Vol.1 | ||
| 100 | |a Matheson, James Adam Louis | ||
| 245 | 0 | |a Hyperstatic structures : | |
| 245 | 3 | |b An introduction to the theory of statically indeterminate structures | |
| 245 | 0 | |c J. A. L. Matheson. With chapters by N. W. Murray and R. K. Livesley. | |
| 260 | |a London | ||
| 260 | |b Butterworths | ||
| 260 | |c 1971 | ||
| 520 | |a This book is to show how all these theorems fit togethe into a coherent pattern and consequently methods and proofs which best illustrate the family relationships between the various theorems are emphasized. | ||
| 650 | |a Statically indeterminate structures,Cấu trúc siêu tĩnh | ||
| 904 | |i Qhieu | ||
| 980 | |a Trung tâm Học liệu Trường Đại học Cần Thơ | ||